000 01354cam a22003617a 4500
003 CHAP
005 20220329142039.0
008 990422d1994 us r 00010 eng d
010 _a77563
011 _a78535
035 _a88524
040 _cCHAP
082 0 4 _a633.2
_bO4
110 _aOhio State University.
_bOhio Agricultural Research and Development Center
_982854
245 1 0 _aTurfgrass research report
_c/by Ohio State University
260 _aWooster, Ohio :
_bOhio State University, Ohio Agricultural Research and Development Center,
_c1994.
300 _av.
410 2 _aThe Ohio State University.
_bOhio Agricultural Research & Development Center
490 0 _aSpecial circular
_v; 148
500 _aLa biblioteca tiene : 1994
590 _aBATCH-UPD
_b10
_c20130110
_lUCH01
_h2128
590 _aBATCH-UPD
_b10
_c20130410
_lUCH01
_h1438
590 _aBATCH-UPD
_b10
_c20130914
_lUCH01
_h1902
590 _aCONVERSION
_b10
_c20130109
_lUCH01
_h1343
650 1 4 _aPastizales
_xInvestigación.
_985938
650 1 4 _aPastizales
_zE.U.A.
_985966
810 2 _aThe Ohio State University.
_bOhio Agricultural Research & Development Center
_9112691
830 0 _aSpecial circular
_v; 148
_9109146
901 _aBK
905 _aMayto Villalobos S.
942 _cLIBRO
949 _a633.2 O4
_bBC
_cLIBRO
_d33724000718300
_eLIBRO
_f1994
_h94713
_i88524
_sb
999 _c77563
_d77563